000 00892nam a22002057a 4500
999 _c194273
_d194273
005 20230130101301.0
010 _aB-747240-241 E.N.A./7.11.22
020 _a9789355010919
_c1499.00
035 _aB-747240-241
037 _bAKPD
082 _a574.87
100 _aVerma, S.P.
245 _aCell biology, Genetics, Molecular Biology, Evolution and Ecology/
_cPS Verma and VK Agarwal
260 _aNew Delhi
_bS Chand and Company Limited
_c2022
270 _aBlock B-1, House No.D-1, Ground Floor, Mohan Co-operative Industrial Estate,
_bNew Delhi
_e110044
_k011-66672000
300 _axxiii,various p.
_c25cm(hbk)
700 _aAgarwal, KV
942 _2ddc
_cEN
_mVER
_h574.87